[Event "DEN-chT 2425 62nd"]
[Site "Denmark"]
[Date "2024.11.02"]
[Round "1.5"]
[White "Rostgaard, Tobias Valentin"]
[Black "Hoi, Carsten"]
[Result "1/2-1/2"]
[WhiteElo "2329"]
[BlackElo "2301"]
[PlyCount "89"]
[EventDate "2024.11.02"]
[EventType "team-tourn"]
[EventRounds "9"]
[EventCountry "DEN"]
[SourceTitle "CB45_2024"]
[Source "ChessBase"]
[SourceDate "2024.11.06"]
[SourceVersion "1"]
[SourceVersionDate "2024.11.06"]
[SourceQuality "1"]
[WhiteTeam "BMS"]
[BlackTeam "Bronshoj"]
[WhiteTeamCountry "DEN"]
[BlackTeamCountry "DEN"]

1. Nf3 Nf6 2. d4 g6 3. Bf4 Bg7 4. Nbd2 0-0 5. e4 d6 6. Bd3 Nc6 7. d5 e5 8. dxc6 exf4 9. cxb7 Bxb7 10. 0-0 Nd7 11. c3 Nc5 12. Bc2 Rb8 13. Re1 Re8 14. Nd4 Qg5 15. b4 Ne6 16. Ba4 Nxd4 17. Bxe8 f3 18. Bxf7+ Kxf7 19. Nxf3 Nxf3+ 20. Qxf3+ Kg8 21. Qd3 Kh8 22. Rad1 Re8 23. Qc4 Qe7 24. Re3 a6 25. Rde1 Be5 26. g3 g5 27. Rf3 Kg7 28. b5 axb5 29. Qxb5 Bc8 30. Kg2 h5 31. a4 Bg4 32. Rfe3 h4 33. a5 Rf8 34. Qd3 Qf6 35. f3 hxg3 36. hxg3 Bxg3 37. Kxg3 Qf4+ 38. Kg2 Bh3+ 39. Kh1 Rh8 40. Qd4+ Kg8 41. Qxh8+ Kxh8 42. a6 Bd7 43. Kg2 Bc6 44. a7 Qe5 45. Ra1 1/2-1/2

[Event "Helsingor Kronborg"]
[Site "Helsingor"]
[Date "2023.05.20"]
[Round "7"]
[White "Jacobsen, Mikkel Manosri"]
[Black "Rostgaard, Tobias Valentin"]
[Result "1-0"]
[WhiteElo "2341"]
[BlackElo "2322"]
[PlyCount "81"]
[EventDate "2023.05.17"]
[EventType "tourn"]
[EventRounds "9"]
[EventCountry "DEN"]
[EventCategory "7"]
[SourceTitle "EXT 2024"]
[Source "ChessBase"]
[SourceDate "2023.10.10"]
[SourceVersion "1"]
[SourceVersionDate "2023.10.10"]
[SourceQuality "1"]

1. c4 Nf6 2. g3 e6 3. Nf3 d5 4. Bg2 Be7 5. 0-0 0-0 6. b3 c5 7. cxd5 exd5 8. d4 Nc6 9. Bb2 Re8 10. Nc3 Bg4 11. dxc5 Bxc5 12. Rc1 Bf8 13. Na4 Ne4 14. Qd3 Nb4 15. Qb1 Bxf3 16. Bxf3 Nd2 17. Qa1 Nxf1 18. Rxf1 Qg5 19. Rd1 Rad8 20. Nc3 d4 21. Ne4 Qf5 22. Qb1 d3 23. Nc3 Bc5 24. Kg2 Qg6 25. e4 Nc2 26. a3 f5 27. e5 Qe6 28. b4 Bb6 29. Nb5 Bxf2 30. Nc7 Ne3+ 31. Kh1 Qb3 32. Rd2 Nc4 33. Bd1 Nxd2 34. Bxb3+ Nxb3 35. Qa2 d2 36. Qxb3+ Kf8 37. Qd1 Re7 38. Nb5 Rd5 39. Kg2 Be3 40. Nd6 Rc7 41. Qf3 1-0

[Event "Helsingor Kronborg"]
[Site "Helsingor"]
[Date "2023.05.19"]
[Round "5"]
[White "Rostgaard, Tobias Valentin"]
[Black "Blomqvist, Erik"]
[Result "0-1"]
[WhiteElo "2322"]
[BlackElo "2521"]
[PlyCount "98"]
[EventDate "2023.05.17"]
[EventType "tourn"]
[EventRounds "9"]
[EventCountry "DEN"]
[EventCategory "7"]
[SourceTitle "EXT 2024"]
[Source "ChessBase"]
[SourceDate "2023.10.10"]
[SourceVersion "1"]
[SourceVersionDate "2023.10.10"]
[SourceQuality "1"]

1. d4 Nf6 2. Nf3 d5 3. Bf4 c5 4. e3 Nc6 5. Nbd2 Nh5 6. Be5 f6 7. Bg3 cxd4 8. exd4 g6 9. c4 Be6 10. Qb3 Qd7 11. c5 g5 12. Bb5 g4 13. Ng1 Bh6 14. Ne2 0-0 15. Rd1 Bf7 16. h3 a6 17. Bxc6 bxc6 18. hxg4 Qxg4 19. Rh4 Qg6 20. Qf3 Bg5 21. Rh2 e5 22. dxe5 Nxg3 23. Qxg3 fxe5 24. Qxe5 Rae8 25. Qg3 d4 26. Kf1 Bxa2 27. b3 Re3 28. Nf3 Bxb3 29. fxe3 Bxd1 30. Nf4 Bxf4 31. Qxg6+ hxg6 32. exf4 Rxf4 33. Kf2 Bxf3 34. gxf3 Kf7 35. Rh8 Rf5 36. Ke2 Rxc5 37. Kd3 Rc3+ 38. Kxd4 Rxf3 39. Rc8 Rf6 40. Rc7+ Ke6 41. Rxc6+ Kf5 42. Rc1 g5 43. Rf1+ Kg6 44. Rg1 a5 45. Ra1 a4 46. Ke5 Rf4 47. Ra2 Rb4 48. Ra1 g4 49. Rh1 Kg5 0-1

[Event "Copenhagen CC IM"]
[Site "Ballerup"]
[Date "2022.05.28"]
[Round "6"]
[White "Rostgaard, Tobias Valentin"]
[Black "Liu, Casper Yukun"]
[Result "1-0"]
[WhiteElo "2339"]
[BlackElo "2218"]
[PlyCount "161"]
[EventDate "2022.05.25"]
[EventType "tourn"]
[EventRounds "9"]
[EventCountry "DEN"]
[EventCategory "2"]
[SourceTitle "CBM 208 Extra"]
[Source "ChessBase"]
[SourceDate "2022.07.31"]
[SourceVersion "1"]
[SourceVersionDate "2022.07.31"]
[SourceQuality "1"]

1. e4 e5 2. Nf3 Nc6 3. Bb5 a6 4. Ba4 Nf6 5. 0-0 b5 6. Bb3 Be7 7. Re1 0-0 8. a4 Bb7 9. Nc3 Na5 10. Ba2 b4 11. Nd5 Nxd5 12. Bxd5 Bxd5 13. exd5 d6 14. d4 f6 15. Qd3 Qc8 16. Bd2 Qb7 17. dxe5 dxe5 18. c4 Rad8 19. Nh4 c6 20. Nf5 cxd5 21. cxd5 Bc5 22. d6 g6 23. Rac1 Bxd6 24. Nxd6 Qb6 25. Qd5+ Kg7 26. Red1 Rxd6 27. Qxd6 Qxd6 28. Bh6+ Kxh6 29. Rxd6 Nb3 30. Rcc6 f5 31. h3 a5 32. Rd3 Nd4 33. Rc5 Rd8 34. Kf1 e4 35. Re3 Ne6 36. Rxa5 Rd2 37. f3 Nd4 38. fxe4 Rxb2 39. exf5 b3 40. Ra6 Nxf5 41. Rd3 Rb1+ 42. Kf2 b2 43. Rb6 Ra1 44. Rxb2 Rxa4 45. g4 Rf4+ 46. Rf3 Rxf3+ 47. Kxf3 Nh4+ 48. Ke4 g5 49. Rb6+ Kg7 50. Ke5 h6 51. Ke6 Ng2 52. Ke5 Nh4 53. Rf6 Ng2 54. Kf5 Nh4+ 55. Ke6 Ng2 56. Ke7 Nf4 57. Rf7+ Kg6 58. Kf8 Nxh3 59. Kg8 Nf4 60. Ra7 Kf6 61. Ra6+ Ke5 62. Rxh6 Ke4 63. Rh1 Kf3 64. Kg7 Kxg4 65. Kh6 Nh3 66. Ra1 Kh4 67. Kg6 g4 68. Kf5 Nf2 69. Kf4 g3 70. Kf3 Kh3 71. Rg1 Kh4 72. Rxg3 Nd3 73. Rg4+ Kh3 74. Re4 Kh2 75. Re3 Nc5 76. Kf2 Nd7 77. Re7 Nf6 78. Re6 Ng4+ 79. Kf3 Kh3 80. Kf4 Kh4 81. Rg6 1-0

[Event "Koge op"]
[Site "Koge"]
[Date "2021.08.22"]
[Round "3"]
[White "Rostgaard, Tobias Valentin"]
[Black "Olsen, Michael Richard W"]
[Result "1-0"]
[WhiteElo "2318"]
[BlackElo "2016"]
[PlyCount "89"]
[EventDate "2021.08.22"]
[EventType "swiss (rapid)"]
[EventRounds "7"]
[EventCountry "DEN"]
[SourceTitle "EXT 2025"]
[Source "ChessBase"]
[SourceDate "2024.10.14"]
[SourceVersion "1"]
[SourceVersionDate "2024.10.14"]
[SourceQuality "1"]

1. d4 d5 2. Nc3 Nf6 3. Bg5 h6 4. Bh4 g5 5. Bg3 a6 6. h4 g4 7. h5 Nc6 8. e4 Be6 9. e5 Ne4 10. Nxe4 dxe4 11. c3 Bg7 12. Be2 f5 13. exf6 exf6 14. Bxg4 f5 15. Be2 0-0 16. Nh3 Kh7 17. Nf4 Bf7 18. Qc2 Re8 19. 0-0-0 b5 20. Kb1 b4 21. d5 Ne5 22. cxb4 Qe7 23. a3 Nd7 24. Ne6 Bxe6 25. dxe6 Qxe6 26. Bc4 Qe7 27. Bh4 Nf6 28. f3 Qf8 29. g4 fxg4 30. fxe4 Re5 31. Bg3 Rae8 32. Rdf1 Kh8 33. Bxe5 Rxe5 34. Rf5 Qe7 35. Rxe5 Qxe5 36. Rd1 g3 37. Rd8+ Kh7 38. Bf7 Nxh5 39. Rd5 Qf4 40. e5+ Kh8 41. Rd8+ Bf8 42. Rxf8+ Kg7 43. Qg6+ Kxf8 44. Qg8+ Ke7 45. Qe8# 1-0

[Event "Koge op"]
[Site "Koge"]
[Date "2021.08.22"]
[Round "5"]
[White "Rostgaard, Tobias Valentin"]
[Black "Petersen, Peter Birk"]
[Result "1-0"]
[WhiteElo "2318"]
[BlackElo "2108"]
[PlyCount "65"]
[EventDate "2021.08.22"]
[EventType "swiss (rapid)"]
[EventRounds "7"]
[EventCountry "DEN"]
[SourceTitle "EXT 2025"]
[Source "ChessBase"]
[SourceDate "2024.10.14"]
[SourceVersion "1"]
[SourceVersionDate "2024.10.14"]
[SourceQuality "1"]

1. d4 Nf6 2. Nc3 d5 3. Bg5 c6 4. Nf3 Nbd7 5. a3 g6 6. Qd2 Ne4 7. Nxe4 dxe4 8. Ng1 Nf6 9. e3 Bg7 10. Ne2 0-0 11. Nc3 Re8 12. Bc4 Bf5 13. h3 h6 14. Bh4 g5 15. Bg3 Nd5 16. Nxd5 cxd5 17. Bb5 Bd7 18. Bxd7 Qxd7 19. h4 g4 20. h5 Rec8 21. Qe2 Rc6 22. c3 a5 23. 0-0 a4 24. Rac1 Rb6 25. c4 dxc4 26. Rxc4 Qb5 27. Rfc1 Qxh5 28. Qc2 Qg6 29. Rxa4 Rxa4 30. Qxa4 Rxb2 31. Qe8+ Bf8 32. Bh4 Qd6 33. Bg3 1-0

[Event "Copenhagen CC"]
[Site "Ballerup"]
[Date "2020.07.26"]
[Round "8"]
[White "Rostgaard, Tobias Valentin"]
[Black "Haubro, Martin"]
[Result "1/2-1/2"]
[WhiteElo "2372"]
[BlackElo "2437"]
[PlyCount "94"]
[EventDate "2020.07.22"]
[EventType "tourn"]
[EventRounds "9"]
[EventCountry "DEN"]
[EventCategory "9"]
[SourceTitle "CBM 197 Extra"]
[Source "ChessBase"]
[SourceDate "2020.09.30"]
[SourceVersion "1"]
[SourceVersionDate "2020.09.30"]
[SourceQuality "1"]

1. d4 Nf6 2. Nf3 d5 3. Bf4 c5 4. e3 Nc6 5. Nbd2 cxd4 6. exd4 Bf5 7. c3 e6 8. Qb3 Qc8 9. Nh4 Bg4 10. f3 Bh5 11. g4 Bg6 12. Nxg6 hxg6 13. Bd3 Qd7 14. 0-0-0 0-0-0 15. Qa4 Bd6 16. Bxd6 Qxd6 17. Bb5 Kb8 18. Bxc6 Qxc6 19. Qxc6 bxc6 20. h4 Rh7 21. Rh2 g5 22. h5 g6 23. h6 Rdh8 24. Rdh1 Ng8 25. Nb3 Rxh6 26. Rxh6 Rxh6 27. Rxh6 Nxh6 28. Nc5 Kc7 29. a4 Kd6 30. Nd3 f6 31. Kd2 Nf7 32. Ke2 Nd8 33. a5 e5 34. Nc5 Ne6 35. Nxe6 Kxe6 36. Ke3 Kd6 37. Kd3 Kc7 38. c4 Kd6 39. dxe5+ fxe5 40. b4 Kc7 41. Kc3 Kb7 42. cxd5 cxd5 43. b5 Kc7 44. Kb3 Kd7 45. Kc3 d4+ 46. Kb3 Kc7 47. Kb4 Kd7 1/2-1/2

[Event "Copenhagen CC"]
[Site "Ballerup"]
[Date "2020.07.25"]
[Round "7"]
[White "Johansson, Linus"]
[Black "Rostgaard, Tobias Valentin"]
[Result "1-0"]
[WhiteElo "2491"]
[BlackElo "2372"]
[PlyCount "79"]
[EventDate "2020.07.22"]
[EventType "tourn"]
[EventRounds "9"]
[EventCountry "DEN"]
[EventCategory "9"]
[SourceTitle "CBM 197 Extra"]
[Source "ChessBase"]
[SourceDate "2020.09.30"]
[SourceVersion "1"]
[SourceVersionDate "2020.09.30"]
[SourceQuality "1"]

1. Nf3 Nf6 2. g3 g6 3. Bg2 Bg7 4. c4 0-0 5. 0-0 Nc6 6. d4 d6 7. Nc3 a6 8. e4 Bg4 9. h3 Bxf3 10. Bxf3 e5 11. d5 Nd4 12. Bg2 Nd7 13. Be3 c5 14. dxc6 bxc6 15. b4 Rb8 16. Rb1 c5 17. b5 Nb6 18. Qd3 Qd7 19. a4 axb5 20. axb5 Qe6 21. Nd5 Nxd5 22. exd5 Qd7 23. Ra1 f5 24. Ra6 e4 25. Qd2 f4 26. gxf4 Nf3+ 27. Bxf3 exf3 28. Kh2 Rf5 29. Rg1 Rbf8 30. b6 Qb7 31. Qa5 Rb8 32. Kg3 Bh6 33. Ra1 g5 34. Kh2 gxf4 35. Rg1+ Rg5 36. Rxg5+ Bxg5 37. Bc1 Qe7 38. Ra8 Qe2 39. Rxb8+ Kg7 40. Qd2 1-0

[Event "Copenhagen CC"]
[Site "Ballerup"]
[Date "2020.07.24"]
[Round "5"]
[White "Thybo, Jesper Sondergaard"]
[Black "Rostgaard, Tobias Valentin"]
[Result "1/2-1/2"]
[WhiteElo "2590"]
[BlackElo "2372"]
[PlyCount "136"]
[EventDate "2020.07.22"]
[EventType "tourn"]
[EventRounds "9"]
[EventCountry "DEN"]
[EventCategory "9"]
[SourceTitle "CBM 197 Extra"]
[Source "ChessBase"]
[SourceDate "2020.09.30"]
[SourceVersion "1"]
[SourceVersionDate "2020.09.30"]
[SourceQuality "1"]

1. c4 Nf6 2. Nc3 g6 3. e4 d6 4. d4 Bg7 5. h3 0-0 6. Be3 e5 7. d5 a5 8. g4 Na6 9. Nge2 Kh8 10. Ng3 Ng8 11. Qd2 Nc5 12. Be2 f5 13. exf5 gxf5 14. gxf5 Ne7 15. Bg5 Bf6 16. Bxf6+ Rxf6 17. Nh5 Rf7 18. f6 Ng8 19. Qg5 Nxf6 20. f4 e4 21. 0-0-0 Bd7 22. Rdf1 Qe7 23. Nxf6 Rxf6 24. Rhg1 Bxh3 25. Rf2 Bf5 26. Rfg2 Qf7 27. Nd1 Rg6 28. Qh5 Rf8 29. Qh4 Rxg2 30. Rxg2 Bg6 31. Rf2 Qf6 32. Qxf6+ Rxf6 33. Kd2 Bf7 34. Nc3 Rh6 35. Ke3 Rh3+ 36. Kd4 Bh5 37. Bf1 Rf3 38. Rxf3 Bxf3 39. Nb5 Na6 40. a3 Kg7 41. Nc3 Kf6 42. Bh3 h5 43. Nxe4+ Bxe4 44. Kxe4 Nc5+ 45. Kd4 a4 46. Ke3 Ke7 47. Kd4 Nb3+ 48. Ke3 Kf6 49. Bc8 Nc5 50. Bh3 h4 51. Bg4 Nb3 52. Bh3 Na5 53. Kd3 c5 54. Bg4 Nb3 55. Ke3 Nd4 56. Bh3 Ke7 57. Bf1 Kf6 58. Ke4 Kg6 59. Bh3 Kh5 60. Bd7 b6 61. Ke3 Kg6 62. Kd3 Nf3 63. Ke2 Nd4+ 64. Kd3 Kf6 65. Ke4 Nb3 66. Ke3 Nd4 67. Ke4 Nb3 68. Ke3 Nd4 1/2-1/2

[Event "Noisiel op 5th"]
[Site "Noisiel"]
[Date "2020.02.18"]
[Round "5"]
[White "Rostgaard, Tobias Valentin"]
[Black "Popov, Konstantin"]
[Result "1-0"]
[WhiteElo "2364"]
[BlackElo "2391"]
[PlyCount "107"]
[EventDate "2020.02.15"]
[EventType "swiss"]
[EventRounds "9"]
[EventCountry "FRA"]
[SourceTitle "CBM 195 Extra"]
[Source "ChessBase"]
[SourceDate "2020.05.31"]
[SourceVersion "1"]
[SourceVersionDate "2020.05.31"]
[SourceQuality "1"]

1. d4 Nf6 2. Nf3 e6 3. Bf4 Be7 4. h3 0-0 5. e3 c5 6. c3 b6 7. Bd3 Ba6 8. Bxa6 Nxa6 9. 0-0 Qc8 10. Nbd2 Qb7 11. Qe2 b5 12. a4 b4 13. Qb5 Qc8 14. cxb4 Nxb4 15. Rfc1 a6 16. Qe2 Nbd5 17. dxc5 Nxf4 18. exf4 Nd5 19. g3 Rb8 20. b3 Bf6 21. Ne5 a5 22. Rab1 Qc7 23. Ndf3 Rb4 24. Qd3 g5 25. c6 gxf4 26. cxd7 Qb7 27. g4 Rd8 28. Qc2 Nb6 29. g5 Be7 30. Qc6 Nxd7 31. Qxb7 Rxb7 32. Nc6 Re8 33. Nxa5 Rb6 34. Nc6 Ba3 35. Rc3 Bf8 36. b4 Nc5 37. b5 Nxa4 38. Rc4 Nc5 39. Nfe5 Bd6 40. Rxc5 Bxc5 41. Nd7 Kg7 42. Nxc5 Rc8 43. Kg2 h6 44. h4 hxg5 45. hxg5 Ra8 46. Kf3 Ra2 47. Ne4 Rc2 48. Ne5 Ra2 49. Nf6 Ra8 50. Nc4 Rbb8 51. b6 Ra4 52. Ne5 Rb7 53. Rh1 Kf8 54. Rh7 1-0

[Event "Copenhagen GoAudit op"]
[Site "Copenhagen"]
[Date "2019.11.09"]
[Round "5"]
[White "Rostgaard, Tobias Valentin"]
[Black "Hector, Jonny"]
[Result "1/2-1/2"]
[WhiteElo "2357"]
[BlackElo "2478"]
[PlyCount "228"]
[EventDate "2019.11.08"]
[EventType "swiss"]
[EventRounds "8"]
[EventCountry "DEN"]
[SourceTitle "EXT 2021"]
[Source "ChessBase"]
[SourceDate "2020.10.23"]
[SourceVersion "1"]
[SourceVersionDate "2020.10.23"]
[SourceQuality "1"]

1. d4 d5 2. Bf4 c5 3. dxc5 Nc6 4. Nf3 f6 5. e4 dxe4 6. Nfd2 e5 7. Be3 f5 8. Bb5 Be6 9. Nc3 Nf6 10. Qe2 Qc7 11. Nc4 Be7 12. 0-0-0 0-0 13. Nd6 Nd4 14. Bxd4 exd4 15. Bc4 dxc3 16. Bxe6+ Kh8 17. Qc4 cxb2+ 18. Kb1 Bxd6 19. cxd6 Qxc4 20. Bxc4 Ng4 21. Rd2 Rad8 22. Bb3 f4 23. h3 e3 24. fxe3 Nxe3 25. Kxb2 g5 26. c4 Rf5 27. Re1 b5 28. cxb5 Rxb5 29. Rc1 Kg7 30. Rc7+ Kf6 31. Ka3 Rb6 32. d7 Ke7 33. Rxa7 Rd6 34. Rxd6 Kxd6 35. Ra5 Nxg2 36. Rd5+ Kc7 37. Rxg5 Ne3 38. Re5 Kxd7 39. Kb4 Rf8 40. a4 Rf6 41. Kc3 Ng2 42. Rd5+ Kc7 43. Rc5+ Kd6 44. Rd5+ Kc6 45. Ra5 Kb6 46. Rb5+ Kc7 47. Bd5 f3 48. Rb7+ Kc8 49. Rxh7 Ne3 50. Bxf3 Rxf3 51. Kb4 Rf5 52. a5 Nd5+ 53. Ka4 Nc7 54. h4 Rf4+ 55. Kb3 Na6 56. h5 Rh4 57. h6 Nc5+ 58. Kc3 Kb8 59. Kc2 Rh3 60. Kb2 Ne4 61. Rh8+ Ka7 62. Re8 Nf6 63. Re7+ Ka8 64. h7 Nxh7 65. Re8+ Ka7 66. Rh8 Ka6 67. Ra8+ Kb5 68. a6 Kb6 69. a7 Kb7 70. Rh8 Kxa7 71. Kc1 Rh2 72. Kd1 Kb6 73. Kc1 Rh6 74. Kb1 Kc5 75. Kc1 Kd4 76. Kd2 Ke4 77. Ke2 Rh2+ 78. Kd1 Ke3 79. Re8+ Kf3 80. Rh8 Rh6 81. Kc2 Rc6+ 82. Kd3 Rd6+ 83. Kc4 Ng5 84. Rf8+ Ke3 85. Kb5 Ne4 86. Rh8 Kd4 87. Rh4 Rg6 88. Rf4 Rh6 89. Rg4 Kd5 90. Rg1 Nc3+ 91. Kb4 Rc6 92. Rg5+ Kd4 93. Rg4+ Ne4 94. Kb5 Rc8 95. Rh4 Rf8 96. Rg4 Kd5 97. Kb6 Rb8+ 98. Kc7 Rb1 99. Rh4 Nf6 100. Rh2 Rc1+ 101. Kb7 Kd6 102. Rh6 Rb1+ 103. Kc8 Ke7 104. Rh2 Rc1+ 105. Kb7 Rc4 106. Kb6 Kd6 107. Kb5 Rf4 108. Rh6 Kd5 109. Rh1 Rd4 110. Rh8 Nd7 111. Rh5+ Ne5 112. Rh8 Nf7 113. Rh5+ Ke6 114. Kc5 Rd8 1/2-1/2

[Event "Copenhagen GoAudit op"]
[Site "Copenhagen"]
[Date "2019.11.08"]
[Round "3"]
[White "Rostgaard, Tobias Valentin"]
[Black "Meskenas, Paulius"]
[Result "1-0"]
[WhiteElo "2357"]
[BlackElo "2003"]
[PlyCount "99"]
[EventDate "2019.11.08"]
[EventType "swiss"]
[EventRounds "8"]
[EventCountry "DEN"]
[SourceTitle "EXT 2021"]
[Source "ChessBase"]
[SourceDate "2020.10.23"]
[SourceVersion "1"]
[SourceVersionDate "2020.10.23"]
[SourceQuality "1"]

1. e4 e5 2. Nf3 Nc6 3. Nc3 Nf6 4. g3 d5 5. exd5 Nxd5 6. Bg2 Be7 7. 0-0 0-0 8. Re1 Nxc3 9. bxc3 Bg4 10. Rb1 Rb8 11. h3 Bxf3 12. Bxf3 Qd6 13. Qe2 Bf6 14. Rb3 Rfd8 15. d3 Qc5 16. Be3 Qa5 17. Reb1 Qa6 18. Bc1 b5 19. Ra3 Qb7 20. Qe4 Rd6 21. Rab3 Qa6 22. Ba3 b4 23. Bxb4 Nxb4 24. a3 Rbb6 25. axb4 Qa2 26. c4 Rb8 27. Qe2 a5 28. bxa5 Qxb1+ 29. Rxb1 Rxb1+ 30. Kg2 Ra1 31. Qd2 Ra6 32. Qb4 g6 33. Qb8+ Kg7 34. Qxc7 R1xa5 35. Bd5 Ra7 36. Qb6 Be7 37. Qb8 f6 38. Qg8+ Kh6 39. Qh8 R5a6 40. Qc8 Ra5 41. h4 Rc5 42. Qe6 Rca5 43. h5 R5a6 44. Qg8 g5 45. Be4 Bc5 46. Qc8 Bb4 47. c5 Kg7 48. Qf5 Kf8 49. h6 Rc7 50. c6 1-0

[Event "Skanderborg Smuk-A"]
[Site "Skanderborg"]
[Date "2019.08.25"]
[Round "5"]
[White "Jacobsen, Mikkel Manosri"]
[Black "Rostgaard, Tobias Valentin"]
[Result "1-0"]
[WhiteElo "2269"]
[BlackElo "2383"]
[PlyCount "85"]
[EventDate "2019.08.23"]
[EventType "tourn"]
[EventRounds "5"]
[EventCountry "DEN"]
[EventCategory "5"]
[SourceTitle "EXT 2021"]
[Source "ChessBase"]
[SourceDate "2020.10.23"]
[SourceVersion "1"]
[SourceVersionDate "2020.10.23"]
[SourceQuality "1"]

1. Nf3 Nf6 2. d4 e6 3. c4 Bb4+ 4. Nbd2 0-0 5. a3 Be7 6. e4 d6 7. Be2 c5 8. d5 e5 9. 0-0 g6 10. Ne1 Ne8 11. b4 b6 12. Bb2 Ng7 13. Nd3 Nd7 14. Bc3 f5 15. Rb1 Nf6 16. bxc5 bxc5 17. f3 Bd7 18. Rb7 Qc8 19. Qb1 Bd8 20. Rb2 Re8 21. exf5 Nxf5 22. Nf2 Nd4 23. Bd3 Bf5 24. Nde4 Nxe4 25. Nxe4 Be7 26. Qa2 Qc7 27. Rfb1 Reb8 28. a4 h5 29. a5 h4 30. Kf2 h3 31. g3 Rxb2+ 32. Qxb2 Rf8 33. Qb7 Qd8 34. Bxd4 cxd4 35. Qxa7 Bc8 36. Rb8 Bg5 37. Qb6 Be3+ 38. Ke2 Qe8 39. Qxd6 Qf7 40. Qf6 Qxf6 41. Nxf6+ Kg7 42. Ne4 Bg1 43. Rb1 1-0